Statistics for Liga NOS Portuguese clubs 2020/21

Click here to take the quiz!

General Stats

  • This quiz has been taken 122 times
  • The average score is 14 of 18

Answer Stats

Club% Correct
Benfica
100%
FC Porto
100%
Sporting
99%
SC Braga
98%
V. Guimarães
87%
Boavista
82%
Marítimo
80%
Portimonense
80%
Santa Clara
80%
Rio Ave
77%
Paços de Ferreira
73%
FC Famalicão
72%
Nacional
72%
Belenenses SAD
69%
Moreirense
69%
CD Tondela
68%
Gil Vicente
61%
Farense
59%

Score Distribution

Percentile by Number Answered

Percent of People with Each Score

Your Score History

You have not taken this quiz